A guide to everyday economic statistics

Uloženo v:
Podrobná bibliografie
Hlavní autor: Clayton, Gary E
Další autoři: Martin Gerhard Giesbrecht Gary E. Clayton
Médium: Kniha
Jazyk:Vietnamese
Vydáno: Irwin/McGraw-Hill 2001
Tagy: Přidat tag
Žádné tagy, Buďte první, kdo otaguje tento záznam!
Thư viện lưu trữ: Mạng thư viện Đại học Đà Nẵng
LEADER 00715nam a2200265 4500
001 000020225
003 16670
005 20150310100305.0
008 150310s2001 viesd
020 |c 00 
041 0 |a vie 
082 1 4 |a 330.021  |b CL-G 
100 1 |a Clayton, Gary E 
245 1 0 |a A guide to everyday economic statistics  |c Gary E. Clayton, Martin Gerhard Giesbrecht. 
260 |b Irwin/McGraw-Hill  |c 2001 
300 |a tr.  |c cm. 
700 1 |a Martin Gerhard Giesbrecht  |a Gary E. Clayton, 
OWN |a LSP 
999 |a From the UDN01 
TYP |a Monograph 
TYP |a Printed language 
980 |a Mạng thư viện Đại học Đà Nẵng